Statistiques concernant Les capitales des Etats-Unis

Cliquez ici pour prendre le quiz!

Statistiques générales

  • Ce quiz a été pris 211 fois
  • Le résultat moyen est 26 sur 51

Statistiques - réponses

EtatCapitale% Correct
CalifornieSacramento
85%
HawaiiHonolulu
83%
AlaskaJuneau
80%
ArizonaPhoenix
79%
LouisianeBâton-Rouge
77%
ColoradoDenver
77%
GeorgieAtlanta
75%
MassachussetsBoston
72%
IndianaIndianapolis
72%
FlorideTallahassee
72%
AlabamaMontgomery
64%
ArkansasLittle Rock
63%
Dakota du SudPierre
62%
Caroline du NordRaleigh
61%
IllinoisSpringfield
59%
District ColumbiaWashington
58%
New YorkAlbany
56%
Dakota du NordBismarck
56%
Caroline du SudColumbia
56%
OklahomaOklahoma City
56%
TexasAustin
55%
IdahoBoise
55%
IowaDes Moines
52%
MississippiJackson
52%
MaineAugusta
51%
DelawareDover
50%
Nouveau MexiqueSanta Fe
50%
NevadaCarson City
47%
ConnecticutHartford
47%
MichiganLansing
47%
UtahSalt Lake City
47%
MontanaHelena
46%
MinnesotaSaint Paul
45%
KansasTopeka
45%
MarylandAnnapolis
44%
TennesseeNashville
43%
KentuckyFrankfort
40%
OregonSalem
37%
OhioColumbus
36%
MissouriJefferson City
36%
VermontMontpelier
35%
Rhode IslandProvidence
35%
NebraskaLincoln
33%
New JerseyTrenton
31%
PennsylvanieHarrisburg
29%
VirginieRichmond
28%
WashingtonOlympia
26%
WyomingCheyenne
23%
Virginie OccidentaleCharleston
21%
New HampshireConcorde
21%
WisconsinMadison
21%

Distribution des résultats

Percentile par nombre de réponses

% des personnes avec chaque résultat

Votre développement - résultats

Vous n’avez pas pris ce quiz